00578nam a2200193 i 450000100060000000300090000600500170001500700030003200800410003508000160007610000270009224500650011926000500018430000390023449000300027365000280030383000300033185200230036110573ES-MaACL20230906145919.0t|950825s1959 sp f |||| | spa d a631.15(460)1 aNúñez Mayo, Oscar.10aInvestigación agronómica / cpor Óscar Núñez Mayo. aMadrid : bPublicaciones Españolas, c1959. a28 p., [4] p. de lám. ; c24 cm.1 aTemas españoles ; v39114aAgricultura-zEspaña.0 aTemas españoles ; v391 aES-MaACLjL-17829